000 00379nam a2200109Ia 4500
008 220216s9999 xx 000 0 und d
100 _aMaeda K
245 0 _aDevelopment of halogen-free flame-retardant rubber insulation wire and cable
260 _bProceedings of the International Rubber Conference, Kobe, Japan, 1995; p723-726
650 _aRubber insulation wire
942 _cJS
999 _c57002
_d57002